书目信息 |
| 题名: |
方言趣谈
|
|
| 作者: | 张廷兴 著 | |
| 分册: | ||
| 出版信息: | 济南 山东教育出版社 1999.12 |
|
| 页数: | 172页 | |
| 开本: | 19cm | |
| 丛书名: | 中国俗文化丛书 | |
| 单 册: | ||
| 中图分类: | H17 | |
| 科图分类: | ||
| 主题词: | 汉语方言 | |
| 电子资源: | ||
| ISBN: | 7-5328-2786-0 | |
| 000 | 00649nam2 2200229 45 | |
| 001 | 0106081052 | |
| 005 | 20041124095849.0 | |
| 010 | @a7-5328-2786-0@dCNY6.80 | |
| 100 | @a20010608d1999 km y0chiy0120 ea | |
| 101 | 0 | @achi |
| 105 | @a z 000yy | |
| 200 | 1 | @a方言趣谈@AFang Yan Qu Tan@f张廷兴著@FZhang Ting Xing Zhu |
| 210 | @a济南@c山东教育出版社@d1999.12 | |
| 215 | @a172页@d19cm | |
| 225 | @a中国俗文化丛书@f高占祥主编 | |
| 410 | @12001 @a中国俗文化丛书 | |
| 410 | @1700 0@a高占祥@AGao Zhan Xiang@4主编 | |
| 606 | 0 | @a汉语方言 |
| 690 | @aH17@v4 | |
| 701 | @a张廷兴@4著 | |
| 801 | @aCN@bTSTC@c20010608 | |
| 905 | @f5@b298156-160@dH17@e12 | |
| 方言趣谈/张廷兴著.-济南:山东教育出版社,1999.12 |
| 172页;19cm.-(中国俗文化丛书/高占祥主编) |
| ISBN 7-5328-2786-0:CNY6.80 |
| ● |
| 相关链接 |
|
|
|
|
正题名:方言趣谈
索取号:H17/12
 
预约/预借
| 序号 | 登录号 | 条形码 | 馆藏地/架位号 | 状态 | 备注 |
| 1 | 0298156 | 202981568 | 第四借阅区/ [索取号:H17/12] | 在馆 | |
| 2 | 0298157 | 202981577 | 第四借阅区/ [索取号:H17/12] | 在馆 | |
| 3 | 0298158 | 202981586 | 第四借阅区/ [索取号:H17/12] | 在馆 | |
| 4 | 0298159 | 202981595 | 第四借阅区/ [索取号:H17/12] | 在馆 | |
| 5 | 0298160 | 202981602 | 第四借阅区/ [索取号:H17/12] | 在馆 |